000 00800nam a2200265Ia 4500
001 Z_1724
003 CHAP
008 220113s1999 xx 000 0 und d
010 _a164816
040 _cCHAP
090 _aTesis T 1389
100 _aTzec Simá, Gilberto Santiago
_9138879
245 _aProducción y calidad del forraje de ramón (Brosimum alicastrum Swarttz) a diferente edad de rebrote /
_cpor Gilberto Santiago Tzec Simá
260 _aChapingo, Méx. :
_bEl autor,
_c1999
300 _a67 h.
502 _aTesis (Ing. Agr. Esp. en Zootecnia) -- UACH. Departamento de Zootecnia
650 _aArboles como forraje
_96662
650 _aBrosimum alicastrum
_915586
901 _aTESIS T 1389
902 _aM
910 _a1999
942 _c2
942 _c2
999 _c164816
_d164816